000
00254nmm a2200085Ia 4500
008
220120s9999||||xx |||||||||||||||||und||
100
_a
Digit
245
0
_a
Photography Software, music, radio, Movie, Fronters in Astr
260
_a
Coorg Institute of Technology
999
_c
140109
_d
140109